| 000 | 00400cam a2200169ua 4500 | ||
|---|---|---|---|
| 020 | _c8.00 | ||
| 041 |
_amal _h |
||
| 082 |
_a894.812308 _bHAS/SC |
||
| 100 | _aHasek, Jerslav . | ||
| 245 |
_aSchweik / _cJeroslav Hasek. _hTextual Documents |
||
| 260 |
_aPalakkad : _bUdaya Publications , _c1961. |
||
| 300 | _a508 ; . | ||
| 365 | _a8.00 | ||
| 504 | _a | ||
| 942 | _cBK | ||
| 999 |
_c4561 _d4561 |
||